Statistics for Country of the Musician #1

Click here to take the quiz!

General Stats

  • This quiz has been taken 98 times
  • The average score is 8 of 10

Answer Stats

MusicianCountry% Correct
Bob MarleyJamaica
96%
Julio IglesiasSpain
94%
John LennonUK
89%
Igor StravinskyRussia
86%
PSYSouth Korea
86%
Alanis MorissetteCanada
81%
Edith PiafFrance
81%
Ace of BaseSweden
72%
LordiFinland
51%
Bela BartokHungary
49%

Score Distribution

Percentile by Number Answered

Percent of People with Each Score

Your Score History

You have not taken this quiz